• 首页
  • 本馆介绍
  • 公告通知
  • 最新文献
  • 馆藏检索
  • 电子资源
  • 读者导购
  • 参考咨询
  • 我的图书馆
  • 登录
  • 详细信息显示
  • 放入我的书架
  • 预约/预借图书
  • 作者相关作品
  • 分类相关作品
  • 丛书相关作品
  • 出版社相关作品

书目信息

  • 表格格式
  • 工作单格式
  • 卡片格式
题名:
实用多元统计分析
    
 
作者: 关静 , 肖盛宁 , 赵慧 主编
分册:  
出版信息: 天津   天津大学出版社  2020.03
页数: 258页
开本: 26cm
丛书名:
单 册:
中图分类: O212.4
科图分类:
主题词: 多元分析--duo yuan fen xi--统计分析--教材
电子资源:
ISBN: 978-7-5618-6642-9
000 01045nam0 2200265 450
001 0106081815
005 20201106082044.0
010    @a978-7-5618-6642-9@dCNY42.00
100    @a20200708d2020 em y0chiy50 ea
101 0  @achi
102    @aCN@b120000
105    @aa z 000yy
106    @ar
200 1  @a实用多元统计分析@Ashi yong duo yuan tong ji fen xi@dApplied multivariate statistical analysis@f关静, 肖盛宁, 赵慧主编@zeng
210    @a天津@c天津大学出版社@d2020.03
215    @a258页@c图@d26cm
330    @a本书为数学专业课教材。全书共分十章,内容主要包括多元统计分析基础、多元正态分布、单个总体参数的检验、多个正态总体参数的比较、线性回归模型、主成分分析、因子分析、典型相关分析、判别分析、聚类分析。
510 1  @aApplied multivariate statistical analysis@zeng
606 0  @a多元分析@Aduo yuan fen xi@x统计分析@j教材
690    @aO212.4@v5
701  0 @a关静@Aguan jing@4主编
701  0 @a肖盛宁@Axiao sheng ning@4主编
701  0 @a赵慧@Azhao hui@4主编
801  0 @aCN@bBJSZM@c20201106
905    @b1191968-71@dO212.4@e135@f4
    
    实用多元统计分析=Applied multivariate statistical analysis/关静, 肖盛宁, 赵慧主编.-天津:天津大学出版社,2020.03
    258页:图;26cm
    
    
    ISBN 978-7-5618-6642-9:CNY42.00
    本书为数学专业课教材。全书共分十章,内容主要包括多元统计分析基础、多元正态分布、单个总体参数的检验、多个正态总体参数的比较、线性回归模型、主成分分析、因子分析、典型相关分析、判别分析、聚类分析。
●
相关链接 在E读中查询图书 在五车中查询图书 在当当中查询图书 在豆瓣中查询图书


正题名:实用多元统计分析     索取号:O212.4/135         预约/预借

序号 登录号 条形码 馆藏地/架位号 状态 备注
1 1191968   211919682   第二样本阅览室/ [索取号:O212.4/135] 在馆    
2 1191969   211919691   第三借阅区/ [索取号:O212.4/135] 在馆    
3 1191970   211919708   第三借阅区/ [索取号:O212.4/135] 在馆    
4 1191971   211919717   第三借阅区/ [索取号:O212.4/135] 在馆    
唐山师范学院图书馆 欢迎您!
大连网信软件有限公司© 版权所有